00537 2200193 4500001002100000005001500021035002000036245009000056100002000146250000600166300003100172700002100203260004800224082000800272084001400280020002200294650001000316990001700326INLIS00000000000107020190427122812 a0010-04190000791 aKamu Bisa :bMemelihara Hewan Kesayangan /cYuliandi Kusuma; Editor, Risman Sikumbang0 aYuliandi Kusuma a- a64 hlm. :bilus. ;c25 cm.0 aRisman Sikumbang aBogor :bYudhistira Ghalia Indonesia,c2008 a590 a590 YUL k a978-979-019-200-3 aHewan a03923/P/2018